| 000 | 00337nam a2200133Ia 4500 | ||
|---|---|---|---|
| 005 | 20260328104256.0 | ||
| 008 | 260328s9999||||xx |||||||||||||| ||und|| | ||
| 100 | _aBlanco, Ricardo | ||
| 245 | 0 |
_aSillas Argentinas / _cRicardo Blanco |
|
| 260 | _bCentro Metropolitano de DiseƱo | ||
| 300 | _a2007 p. | ||
| 650 | _aSILLAS | ||
| 942 | _cBK | ||
| 999 |
_c10454 _d10454 |
||